Chronicle of the year 1992

Bibliographic Details
Format: Book
Published: United States : International Publishing , 1993
Subjects:

MARC

LEADER 00000cam a2200000 7i4500
001 0000002951
002 000003195
005 20000330.0
020 |a 1872031757 
090 0 0 |a 900   |b CHR 
245 0 0 |a Chronicle of the year 1992   |c edited by Andrew Hunt 
260 |a United States :   |b International Publishing ,   |c 1993 
300 |a 120p. ;   |c 29cm. 
650 0 0 |a Event history analysis   |y 1992 
999 |a 036503   |b BUKU   |c PINJAMAN   |e PERPUSTAKAAN KOMUNITI PETALING JAYA